| 000 | 02037nab a2200265 a 4500 | ||
|---|---|---|---|
| 005 | 20210219162416.0 | ||
| 008 | 991125s1985 mx 000 0 spa u | ||
| 035 | _aUPN01000203775 | ||
| 049 | _aART | ||
| 100 | 1 | _aCalderón Carvajal, Carlos | |
| 100 | 1 | _ucarlos.calderon@umag.cl | |
| 100 | 1 | _aXiménez Gómez, Carmen | |
| 222 | 0 | _aREVISTA LATINOAMERICANA DE PSICOLOGIA | |
| 245 | 0 | 0 | _aAnálisis factorial de ítems de respuesta forzada : una revisión y un ejemplo |
| 260 | _aBogotá, Colombia | ||
| 300 | _a24-34 | ||
| 362 | 0 | _a2014 Volumen 46, números 1-3 | |
| 520 | _aLos test de respuesta forzada son ampliamente utilizados para reducir el efecto de los diferentes tipos de sesgo en la respuesta asociados a los test psicológicos (por ejemplo, la aquiescencia o la deseabilidad social). Sin embargo, este tipo de test genera los denominados datos ipsativos, los cuales poseen propiedades que hacen desaconsejable la aplicación de las técnicas clásicas de análisis factorial para su evaluación psicométrica. Pese a ello, en la práctica, muchos investigadores siguen empleando estos procedimientos para analizar los ítems de repuesta forzada; esto lleva necesariamente a conclusiones erróneas. El presente trabajo expone las propiedades analíticas de los ítems de respuesta forzada, así como un ejemplo que ilustra cómo afectan estas propiedades a la aplicación de las técnicas estadísticas clásicas y conducen a interpretaciones erróneas. Adicionalmente, se presenta una de las principales alternativas para analizar este tipo de datos basada en el modelo de juicio comparativo de Thurstone, así como los resultados de un estudio de simulación que ilustra su aplicación y efectividad en la recuperación de la estructura factorial original | ||
| 653 | 0 | _aTESTS | |
| 653 | 0 | _aITEMS DE RESPUESTA FORZADA | |
| 653 | 0 | _aANALISIS FACTORIAL | |
| 856 | 4 | _uhttp://www.redalyc.org/articulo.oa?id=80532607003 | |
| 856 | 4 | _uhttp://www.sci.unal.edu.co/pdf/rlps/v46n1/v46n1a03.pdf | |
| 905 | _aArticulo | ||
| 999 |
_c175876 _d175876 |
||